000 01394nam a2200253Ia 4500
003 PE SENCICO BE
005 20251020182427.0
008 200515s9999 xx 000 0 und d
020 _a84-8088.334-0
040 _aPE SENCICO BE
_cPE SENCICO BE
041 _aspa
082 _a808.51
_bC82
100 1 _aCouto, Manuel
_92284
_eautor
245 1 0 _aCómo hablar bien en público :
_bcomunicar, persuadir y convencer con palabras /
_cManuel Couto
250 _a2a ed.
260 _aBarcelona :
_bGestión 2000 ;
_c1999
300 _a155 p. :
_bil., tbl., graf. ;
_c22 cm.
505 0 _aLa comunicación personal, hoy -- Algo de psicología -- La comunicación global -- Motivación -- La sonrisa -- El sí -- La última llave -- La expresión corporal -- El miedo y los nervios -- Nomas básicas protocolarias -- La comunicación oral -- Recursos estilísticos -- La estructura del mensaje -- Elementos físicos que intervienen en la comunicación -- Casos diferentes de comunicación verba directa -- La comunicación verbal indirecta.
520 _aEsta obra le muestra, con un lenguaje sencillo y directo, todas las formulas e ideas para que pueda: impartir clases como profesor, impartir una conferencia, presentarse a una entrevista de trabajo, etc.
650 1 0 _aOratoria
_92285
650 2 0 _aHablar en público
_92286
650 2 0 _aComunicación oral
_92287
942 _cLIB
_2ddc
999 _c133
_d133